| 000 | 00437nam a22001457a 4500 | ||
|---|---|---|---|
| 003 | OSt | ||
| 008 | 260625b |||||||| |||| 00| 0 eng d | ||
| 020 | _a9789384053079 | ||
| 082 |
_a630.3 _bM27C |
||
| 100 | _aMangaraj, Shukadev | ||
| 245 | _aConcepts & Terminology In Agricultural Processing /by Shukadev Mangaraj, Nawab Ali | ||
| 260 |
_aDelhi : _bSatish Serial Publishing House, _c2015. |
||
| 300 | _axv, 295 p. | ||
| 942 |
_2ddc _cBK |
||
| 999 |
_c52294 _d52294 |
||